Chinese Provinces and Territories/Autonomous Regions - Statistics

General Stats
  • This quiz has been taken 58 times
  • The average score is 20 of 31
Answer Stats
Picture Answer % Correct
Tibet
85%
Guangdong
81%
Hainan
81%
Inner Mongolia
81%
Beijing
77%
Hong Kong
77%
Macau
77%
Shanghai
77%
Xinjiang/East Turkestan
77%
Yunnan
73%
Sichuan
69%
Tianjin
69%
Chongqing
65%
Gansu
65%
Fujian
62%
Hubei
62%
Qinghai
62%
Shaanxi
62%
Shandong
62%
Shanxi
62%
Anhui
58%
Heilongjiang
58%
Guangxi
54%
Guizhou
54%
Jilin
54%
Liaoning
54%
Ningxia
54%
Hunan
50%
Zhejiang
50%
Jiangxi
46%
Heibei
19%
No matching quizzes found
Score Distribution
Percent of People with Each Score
Percentile by Number Answered
Your Score History
You have not taken this quiz